De l'entreprise à la configuration productive : travail, emploi, régulations /

Bibliographic Details
Main Authors: D'Amours, Martine (Author), Bellemare, Guy (Author), Briand, Louise (Author), Hanin, Frédéric (Author), Pogliaghi, Leticia (Author)
Format: eBook
Language:French
Published: Quebec (Quebec) : Presses De L'Université Laval, [2023]
Series:Collection Sociologie contemporaine.
Subjects:
Online Access:Connect to the full text of this electronic book

MARC

Tag First Indicator Second Indicator Subfields
LEADER 00000nam a22000007i 4500
001 in00004772016
006 m o d
007 cr cnu---unuuu
008 230426s2023 quc o 000 0 fre d
005 20240212143121.2
020 |a 9782763757490  |q electronic book 
020 |a 2763757499  |q electronic book 
035 |a (NhCcYBP)jstor22573/CATS4997208 
037 |a 7018C9AD-F4A3-4B6E-BBA2-3105FE23F460  |b OverDrive, Inc.  |n http://www.overdrive.com 
037 |a 22573/cats4997208  |b JSTOR 
040 |a NhCcYBP  |c NhCcYBP 
050 4 |a HD6971  |b .D36 2023 
072 7 |a SOC  |x 026000  |2 bisacsh 
082 0 4 |a 306.3/6  |2 23/eng/20230724 
100 1 |a D'Amours, Martine,  |e author. 
245 1 5 |a De l'entreprise à la configuration productive :  |b travail, emploi, régulations /  |c Martine D'Amours, Louise Briand, Guy Bellemare, Frederic Hanin et Leticia Pogliaghi. 
264 1 |a Quebec (Quebec) :  |b Presses De L'Université Laval,  |c [2023] 
300 |a 1 online resource. 
336 |a text  |b txt  |2 rdacontent 
337 |a computer  |b c  |2 rdamedia 
338 |a online resource  |b cr  |2 rdacarrier 
490 1 |a Sociologie contemporaine 
588 |a Description based on online resource; title from digital title page (viewed on July 26, 2023). 
650 0 |a Industrial relations. 
650 0 |a Organizational sociology. 
655 7 |a Electronic books.  |2 local 
700 1 |a Bellemare, Guy,  |e author. 
700 1 |a Briand, Louise,  |e author. 
700 1 |a Hanin, Frédéric,  |e author. 
700 1 |a Pogliaghi, Leticia,  |e author. 
830 0 |a Collection Sociologie contemporaine. 
856 4 0 |u http://proxy.library.tamu.edu/login?url=https://www.jstor.org/stable/10.2307/jj.5024380  |z Connect to the full text of this electronic book  |t 0 
945 |a machinegen 
955 |a JSTOR DDA record 
999 f f |s 4f7be3ef-6ac3-46e1-a1df-6d8714e02673  |i e109f8a7-a49f-4c65-8b7d-73545cbdf60a  |t 0 
952 f f |a Texas A&M University  |b College Station  |c Electronic Resources  |d Available Online  |t 0  |e HD6971 .D36 2023  |h Library of Congress classification 
998 f f |a HD6971 .D36 2023  |t 0  |l Available Online